Nadstavba pre aplikácie otvoreného systému obohatenej skutočnosti ARToolkit

Gespeichert in:
Bibliographische Detailangaben
1. Verfasser: Fiflík, Andrej (Verfasst von)
Weitere Verfasser: Šperka, Martin, 1945- (Betreuung Doktorarbeit)
Format: Manuskript Buch
Sprache:Slowakisch
Veröffentlicht: Bratislava : STU v Bratislave FIIT, 2005
Schlagworte:
Tags: Tag hinzufügen
Keine Tags, Fügen Sie das erste Tag hinzu!

MARC

LEADER 00000ntm a22000003a 4500
001 stu141339
005 20180423132300.8
008 070515s2005----xo------------------slo-d
040 |a STU  |b slo 
041 0 |a slo 
044 |a xo 
100 1 |a Fiflík, Andrej  |4 aut 
245 1 |a Nadstavba pre aplikácie otvoreného systému obohatenej skutočnosti ARToolkit 
260 |a Bratislava :  |b STU v Bratislave FIIT,  |c 2005 
300 |a 50 s  |c príl. 
650 7 |a informatika  |2 stusub 
700 1 |a Šperka, Martin,  |d 1945-  |4 ths  |X 1924  |7 1924 
996 |b IZP108/05  |c I*ZP108/05  |l II680  |s A  |a 24  |w stu141339_0001